Представление документа в формате RUSMARC

ПолеНазваниеЗначение
  Тип записи a
  Библиографический уровень a
001 Контрольный номер RU/CBS_Ul/BASE/443529538
005 Дата корректировки 20240209175101.2
100 Данные общей обработки __
a Данные общей обработки 20140120d2014 ||| 0rusy0179 ca
101 Язык документа 0_
a Язык текста rus
102 Страна публикации __
a Страна публикации RU
105 Кодированные данные (монография) __
a Кодированные данные (монография) y###||||000|y
200 Заглавие и сведения об ответственности 1_
a Заглавие "Чтобы невозвратимое осталось на страницах..."
b Общее обозначение материала Текст
e Сведения, относящиеся к заглавию [115 лет со дня рождения Елены Александровны Мамаевой - крупного специалиста отечественного мостостроения, родившейся в Симбирске, матери выдающегося ученого-энтомолога Б. М. Мамаева, родившегося в Ульяновске]
f Первые сведения об ответственности Н. Гауз
300 Общие примечания __
a Общие примечания Ограничения по возрасту 16+
461 Уровень набора _0
1 2000
a Деловое обозрение
463 Уровень физической единицы _0
1 001RU/CBS_Ul/BASE/443527523
1 2000
a №1
v С. 56
1 210
d 2014
600 Персоналии _0
a Персоналии (Фамилия) Мамаева
b Персоналии (Имя, инициалы) Е.А.
600 Персоналии _0
a Персоналии (Фамилия) Мамаев
b Персоналии (Имя, инициалы) Б.М.
610 Ключевые слова 0_
a Ключевые слова мостостроение
686 Индексы других классификаций __
a Классификационный индекс 38.7
2 Код системы ББК
700 Автор _1
a Фамилия Гауз
b Имя (инициалы) Н.
801 Источник записи _0
a Страна RU
b Организация МБУК ЦБС г. Ульяновска
c Дата составления 20140120
g Правила каталогизации RCR
801 Источник записи _1
a Страна RU
b Организация МБУК ЦБС г. Ульяновска
c Дата составления 20140120
g Правила каталогизации RCR
901 Тип документа __
t Тип документа b
w Контрольный № источника RU/CBS_Ul/BASE/443527523
910 Корректоры записи __
a Корректор записи admin2
938 Служебная информация __
a Имя БД kraeved